Valores humanos y actitudes positivas
Збережено в:
| Автор: | |
|---|---|
| Формат: | Книга |
| Мова: | Іспанська |
| Опубліковано: |
Bogotá
McGraw-Hill
1995
|
| Предмети: | |
| Теги: |
Додати тег
Немає тегів, Будьте першим, хто поставить тег для цього запису!
|
MARC
| LEADER | 00000nam a2200000 a 4500 | ||
|---|---|---|---|
| 001 | UCZ6650 | ||
| 003 | CL-VaPUC | ||
| 008 | 951214e19950000CK |||||||||||||||||spa|d | ||
| 082 | 0 | 4 | |a 370.15 |b MOR |2 21 |
| 100 | |a Mora G., Guillermo E. |e autor |9 351072 | ||
| 245 | 1 | 0 | |a Valores humanos y actitudes positivas |
| 300 | |a 116 p | ||
| 942 | |c BK | ||
| 945 | |d 19951214 00:00:00 |a rleighto | ||
| 260 | |a Bogotá |b McGraw-Hill |c 1995 | ||
| 650 | 0 | |a Valores morales |9 310604 | |
| 650 | 0 | |a Valor |9 323720 | |
| 650 | 7 | |a SOLIDARIDAD SOCIAL |2 CL-VaPUC |9 351073 | |
| 650 | 0 | |a Responsabilidad |9 308399 | |
| 583 | |a last modification |c 20120124 04:52:03 |k Rodrigo Vera | ||
| 999 | |c 242842 |d 242840 | ||
| 952 | |0 0 |1 0 |4 0 |6 370_150000000000000_MOR_1995 |7 0 |8 A |9 256089 |a BIBEDU |b BIBEDU |d 2019-11-19 |i 3161277 |l 1 |o 370.15 MOR 1995 |p 3161277 |r 2022-05-02 |s 2022-05-02 |w 2019-11-19 |y BK |k EDU | ||